| Tag |
First Indicator |
Second Indicator |
Subfields |
| LEADER |
00000cam a2200000 a 4500 |
| 001 |
in00000023654 |
| 005 |
20151007054302.0 |
| 008 |
871112s1987 enka b 00010 eng d |
| 020 |
|
|
|a 0194371344 (pbk.)
|
| 035 |
|
|
|a (OCoLC)16968833
|
| 035 |
|
|
|9 AAB4572AM
|
| 040 |
|
|
|a UIU
|c UIU
|d PIT
|d AAA
|d TXA
|d UtOrBLW
|
| 049 |
|
|
|a TXAM
|c [A11107943]
|
| 050 |
|
4 |
|a P53
|b .B93 1987
|
| 100 |
1 |
|
|a Bygate, Martin.
|
| 245 |
1 |
0 |
|a Speaking /
|c Martin Bygate.
|
| 264 |
|
1 |
|a Oxford ;
|a New York :
|b Oxford University Press,
|c 1987.
|
| 300 |
|
|
|a x, 121 pages :
|b illustrations ;
|c 25 cm.
|
| 336 |
|
|
|a text
|b txt
|2 rdacontent
|
| 337 |
|
|
|a unmediated
|b n
|2 rdamedia
|
| 338 |
|
|
|a volume
|b nc
|2 rdacarrier
|
| 490 |
1 |
|
|a Language teaching, a scheme for teacher education
|
| 504 |
|
|
|a Bibliography: pages [119]-121.
|
| 650 |
|
0 |
|a Language and languages
|x Study and teaching.
|
| 650 |
|
0 |
|a Communicative competence.
|
| 830 |
|
0 |
|a Language teaching, a scheme for teacher education.
|
| 999 |
|
|
|a MARS
|
| 999 |
f |
f |
|s 1bebb426-5a73-3a2f-8936-1afcae03aa31
|i 31229cdc-6a0b-32e7-b85a-931c6fc6a5ce
|t 0
|
| 952 |
f |
f |
|p ric
|a Texas A&M University
|b Rellis Campus
|c Joint Library Facility
|s JLF
|d Remote Storage
|t 0
|e P53 .B93 1987
|h Library of Congress classification
|i unmediated -- volume
|m A14811107943
|
| 998 |
f |
f |
|a P53 .B93 1987
|t 0
|l Remote Storage
|